Wybory Prezydenta RP 2025 - nagła śmierć - Statystyki

Ogólne statystyki
  • Ten quiz został rozwiązany 41 razy
  • Średni wynik to 4 z 6
Answers on the Grid
Answers color-coded by a green-red scale on the quiz's grid according to % correct below.
dolnośląskie
kujawsko-pomorskie
lubelskie
lubuskie
łódzkie
małopolskie
mazowieckie
opolskie
podkarpackie
podlaskie
pomorskie
śląskie
świętokrzyskie
warmińsko-mazurskie
wielkopolskie
zachodniopomorskie
 
Statystyki odpowiedzi
Odpowiedź % Poprawnych
61.39 % podlaskie
90%
71.02 % podkarpackie
80%
66.54 % lubelskie
77%
58.87 % małopolskie
63%
63.61 % świętokrzyskie
63%
53.20 % łódzkie
23%
Nie znaleziono quizów pasujących do podanych kryteriów
Rozkład punktacji
Procent ludzi z każdym wynikiem
Percentyl według liczby udzielonych odpowiedzi
Twoja historia wyników
Nie rozwiązałeś tego quizu